000 00570nam a2200181 4500
001 117468
003 ES-MaACL
005 20250607063026.0
007 t|
008 070214s1966 sp r ||||1| spa d
100 1 _aPániker, Salvador,
_d1927-
_988794
245 1 0 _aConversaciones en Cataluña /
_cSalvador Paniker ; fotografías: Xavier Miserachs.
260 _aBarcelona :
_bKairós,
_c1966.
300 _a275 p. :
_bil. ;
_c25 cm.
700 1 _aMiserachs, Xavier,
_d1937-1998
_981644
852 _aES-MaACL
_jC-30681
_bR.60752
999 _c117468
_d117468